dessins animés par image - Statistiques

Statistiques générales
  • Ce quiz a été pris 16 097 fois
  • Le résultat moyen est 12 sur 16
Statistiques - réponses
Par images Réponse % Correct
Les Daltons
92%
Scooby-doo
92%
Tom et Jerry
92%
Totally Spies
92%
Oggy et les cafards
91%
les ratz
86%
Ben 10
85%
SamSam
82%
Yakari
79%
Les Mini-justiciers
75%
Les as de la jungle
68%
Les mystèrieuses cités d'or
62%
Le Dino train
61%
Tom Sawyer
59%
Martin Mystère
54%
Galactik Football
48%
Aucun quiz correspondant
Distribution des résultats
% des personnes avec chaque résultat
Percentile par nombre de réponses
Votre historique - résultats
Vous n’avez pas pris ce quiz